Jean Daniélou Incorporated Frictions, résidus et affects de la mondialisation. Premier Parallèle, « Carnets parallèles », 2025, 120 pages, 9 €. (notice n° 1644849)
[ vue normale ]
| 000 -LEADER | |
|---|---|
| fixed length control field | 00768cam a2200157 4500500 |
| 005 - DATE AND TIME OF LATEST TRANSACTION | |
| control field | 20260208001413.0 |
| 041 ## - LANGUAGE CODE | |
| Language code of text/sound track or separate title | fre |
| 042 ## - AUTHENTICATION CODE | |
| Authentication code | dc |
| 100 10 - MAIN ENTRY--PERSONAL NAME | |
| Personal name | Schumacher, Julio |
| Relator term | author |
| 245 00 - TITLE STATEMENT | |
| Title | Jean Daniélou Incorporated Frictions, résidus et affects de la mondialisation. Premier Parallèle, « Carnets parallèles », 2025, 120 pages, 9 €. |
| 260 ## - PUBLICATION, DISTRIBUTION, ETC. | |
| Date of publication, distribution, etc. | 2026.<br/> |
| 500 ## - GENERAL NOTE | |
| General note | 76 |
| 520 ## - SUMMARY, ETC. | |
| Summary, etc. | Eva Jospin nous convie à un voyage vers l’universel dans l’art : l’exploration fascinante de ses grottes présentées au Grand Palais invite à la recherche des convergences humaines. |
| 786 0# - DATA SOURCE ENTRY | |
| Note | Études | 4334 | 2 | 2026-01-26 | p. 135-136 | 0014-1941 |
| 856 41 - ELECTRONIC LOCATION AND ACCESS | |
| Uniform Resource Identifier | <a href="https://shs.cairn.info/revue-etudes-2026-2-page-135?lang=fr&redirect-ssocas=7080">https://shs.cairn.info/revue-etudes-2026-2-page-135?lang=fr&redirect-ssocas=7080</a> |
Pas d'exemplaire disponible.




Réseaux sociaux